000 00610nam a2200205 a 4500
001 62625
003 BD-RjUL
005 20211209081115.0
008 170124s1985 bg ||||| |||| 00| 0 eng d
035 _a(BD-RjUL)62751
040 _aBD-RjUL
_beng
_cBD-RjUL
041 _aeng
082 _223
_a370.10942
_bTEA 1985
245 0 0 _aTeaching about United Nations /
_cedited by Salahuddin Ahmed...[et. al.]
260 _aDhaka :
_bUnited Nations Association of Bangladesh,
_c1985
300 _a247 p. ;
_c21 cm.
650 _aEducation
_zEngland
_9186166
700 _aAhmed, Salahuddin
_9186167
942 _2ddc
_cBK
999 _c62625
_d62625